[Event "EU-ch (Women) 24th"]
[Site "Rhodes"]
[Date "2024.04.19"]
[Round "1"]
[White "Kroliczek, Gabriela"]
[Black "Kubicka, Anna"]
[Result "0-1"]
[WhiteElo "1957"]
[BlackElo "2292"]
[PlyCount "78"]
[EventDate "2024.04.19"]
[EventType "swiss"]
[EventRounds "10"]
[EventCountry "GRE"]
[SourceTitle "CB18_2024"]
[SourceDate "2024.05.01"]
[SourceVersion "1"]
[SourceVersionDate "2024.05.01"]
[SourceQuality "2"]

1. e4 c5 2. Nf3 d6 3. d4 Nf6 4. Nc3 cxd4 5. Qxd4 Nc6 6. Bb5 Bd7 7. Bxc6 Bxc6 8. Bg5 e6 9. 0-0-0 Be7 10. Rhe1 0-0 11. Kb1 Qa5 12. Qd2 Qb6 13. Nd4 Rfe8 14. f3 Rad8 15. g4 a6 16. h4 Qc7 17. Nce2 e5 18. Nf5 d5 19. exd5 Nxd5 20. Bxe7 Nxe7 21. Qg5 Nxf5 22. gxf5 f6 23. Qg4 b5 24. Ng3 Rxd1+ 25. Rxd1 Rd8 26. Rg1 Rd2 27. Ne4 Bxe4 28. Qxe4 h6 29. Kc1 Rd4 30. Qa8+ Rd8 31. Qxa6 Qc5 32. Re1 Qb4 33. c3 Qf4+ 34. Kb1 Qd2 35. Rc1 Qd3+ 36. Ka1 Qc2 37. Rb1 Rd1 38. Qa8+ Kh7 39. Qe4 Rxb1# 0-1

[Event "Titled Tuesday intern op 16th Apr Late"]
[Site "Chess.com INT"]
[Date "2024.04.16"]
[Round "1"]
[White "Kozak, Adam"]
[Black "Kubicka, Anna"]
[Result "1-0"]
[WhiteElo "2610"]
[BlackElo "2292"]
[PlyCount "59"]
[EventDate "2024.04.16"]
[EventType "swiss (blitz)"]
[EventRounds "11"]
[EventCountry "USA"]
[SourceTitle "CB17_2024"]
[SourceDate "2024.04.24"]
[SourceVersion "1"]
[SourceVersionDate "2024.04.24"]
[SourceQuality "1"]

1. e4 c5 2. h3 g6 3. Nf3 Bg7 4. Nc3 d6 5. d4 cxd4 6. Nxd4 Nf6 7. Be3 0-0 8. Qd2 Nbd7 9. 0-0-0 Nc5 10. f3 a6 11. Kb1 b5 12. Nc6 Qc7 13. Nd5 Nxd5 14. exd5 Na4 15. Bd4 Bxd4 16. Qxd4 Bb7 17. h4 Bxc6 18. dxc6 Qxc6 19. h5 Rac8 20. Bd3 e5 21. Qh4 Rc7 22. hxg6 fxg6 23. Be4 Qc5 24. Qg4 Rg7 25. Qe6+ Kh8 26. Qxd6 Rc8 27. Qf6 Qb4 28. Rxh7+ Kxh7 29. Rh1+ Kg8 30. Bd5+ 1-0

[Event "Titled Tuesday intern op 16th Apr Early"]
[Site "Chess.com INT"]
[Date "2024.04.16"]
[Round "2"]
[White "Kubicka, Anna"]
[Black "Alivodic, Dario"]
[Result "1-0"]
[WhiteElo "2292"]
[BlackElo "2251"]
[PlyCount "57"]
[EventDate "2024.04.16"]
[EventType "swiss (blitz)"]
[EventRounds "11"]
[EventCountry "USA"]
[SourceTitle "CB17_2024"]
[SourceDate "2024.04.24"]
[SourceVersion "1"]
[SourceVersionDate "2024.04.24"]
[SourceQuality "1"]

1. d4 d5 2. Bf4 e6 3. Nf3 Bd6 4. Bxd6 Qxd6 5. g3 b6 6. Bg2 Bb7 7. 0-0 Nd7 8. Nbd2 Ngf6 9. c4 c5 10. cxd5 Bxd5 11. dxc5 Nxc5 12. e4 Nfxe4 13. Nxe4 Nxe4 14. Re1 Qe7 15. Ne5 Nf6 16. Bxd5 Nxd5 17. Qa4+ Kf8 18. Rad1 g6 19. Nd7+ Kg7 20. Rxd5 Rad8 21. Rdd1 f6 22. Qxa7 Rhe8 23. Qa4 Ra8 24. Qc6 Rac8 25. Qxb6 Red8 26. Rxe6 Qf7 27. Rxf6 Qxa2 28. Qd4 Kg8 29. Rd6 1-0

[Event "Titled Tuesday intern op 16th Apr Late"]
[Site "Chess.com INT"]
[Date "2024.04.16"]
[Round "3"]
[White "Kubicka, Anna"]
[Black "Baskakov, Egor"]
[Result "0-1"]
[WhiteElo "2292"]
[BlackElo "2215"]
[PlyCount "54"]
[EventDate "2024.04.16"]
[EventType "swiss (blitz)"]
[EventRounds "11"]
[EventCountry "USA"]
[SourceTitle "CB17_2024"]
[SourceDate "2024.04.24"]
[SourceVersion "1"]
[SourceVersionDate "2024.04.24"]
[SourceQuality "1"]

1. e4 c5 2. Ne2 Nf6 3. g3 Nxe4 4. Bg2 Nf6 5. 0-0 Nc6 6. c3 g6 7. d4 cxd4 8. cxd4 d5 9. Nbc3 Bg7 10. Bg5 e6 11. Bf4 0-0 12. Nb5 Ne8 13. Qd2 a6 14. Nbc3 Nd6 15. b3 Nf5 16. Rac1 Nfxd4 17. Nxd4 Nxd4 18. Bh6 Bxh6 19. Qxh6 Qf6 20. Rfd1 Nc6 21. Rd3 Bd7 22. Rf3 Qg7 23. Qh4 Rac8 24. Re1 Nd4 25. Rd3 Nc2 26. Nxd5 exd5 27. Re7 Bb5 0-1

[Event "Titled Tuesday intern op 16th Apr Late"]
[Site "Chess.com INT"]
[Date "2024.04.16"]
[Round "7"]
[White "Kubicka, Anna"]
[Black "Stojanovski, Sandi"]
[Result "1-0"]
[WhiteElo "2292"]
[BlackElo "2169"]
[PlyCount "65"]
[EventDate "2024.04.16"]
[EventType "swiss (blitz)"]
[EventRounds "11"]
[EventCountry "USA"]
[SourceTitle "CB17_2024"]
[SourceDate "2024.04.24"]
[SourceVersion "1"]
[SourceVersionDate "2024.04.24"]
[SourceQuality "1"]

1. d4 Nf6 2. Bg5 e6 3. e4 h6 4. Bxf6 Qxf6 5. Nc3 Bb4 6. Nf3 d6 7. Qd2 e5 8. a3 Bxc3 9. Qxc3 Nc6 10. Bb5 0-0 11. Bxc6 bxc6 12. dxe5 Qg6 13. 0-0 Qxe4 14. Rfe1 Qd5 15. Rad1 Qc5 16. Qxc5 dxc5 17. h3 Be6 18. Re3 a5 19. Rc3 Rab8 20. Rxc5 Rxb2 21. Rxc6 Ra2 22. Rd3 Rb8 23. Rxc7 Rbb2 24. Nd4 Rb1+ 25. Kh2 Rf1 26. Nxe6 fxe6 27. Rdd7 Rxf2 28. Rxg7+ Kf8 29. Rgd7 Kg8 30. Rd6 Raxc2 31. Rd8+ Rf8 32. Rxf8+ Kxf8 33. Rxc2 1-0

[Event "Titled Tuesday intern op 16th Apr Early"]
[Site "Chess.com INT"]
[Date "2024.04.16"]
[Round "4"]
[White "Makhmudov, Shukhrat"]
[Black "Kubicka, Anna"]
[Result "1-0"]
[WhiteElo "2115"]
[BlackElo "2292"]
[PlyCount "57"]
[EventDate "2024.04.16"]
[EventType "swiss (blitz)"]
[EventRounds "11"]
[EventCountry "USA"]
[SourceTitle "CB17_2024"]
[SourceDate "2024.04.24"]
[SourceVersion "1"]
[SourceVersionDate "2024.04.24"]
[SourceQuality "1"]

1. e4 c5 2. Nf3 d6 3. d4 cxd4 4. Nxd4 Nf6 5. Nc3 a6 6. h3 Nc6 7. Nxc6 bxc6 8. Bc4 g6 9. e5 d5 10. exf6 dxc4 11. Qe2 Be6 12. fxe7 Qxe7 13. Ne4 h6 14. Bf4 Rd8 15. Be5 f6 16. Bxf6 Qh7 17. Bxd8 Kxd8 18. 0-0-0+ Kc8 19. Nc5 Bd5 20. Qe8+ Kc7 21. Ne6+ Bxe6 22. Qxe6 Bc5 23. Qxc4 Qe7 24. Rhe1 Qg5+ 25. f4 Qf5 26. g4 Qf8 27. Re6 Rh7 28. Qe4 Kb8 29. Re8+ 1-0

[Event "Titled Tuesday intern op 16th Apr Early"]
[Site "Chess.com INT"]
[Date "2024.04.16"]
[Round "1"]
[White "Yeletsky, Ivan"]
[Black "Kubicka, Anna"]
[Result "1-0"]
[WhiteElo "2504"]
[BlackElo "2292"]
[PlyCount "115"]
[EventDate "2024.04.16"]
[EventType "swiss (blitz)"]
[EventRounds "11"]
[EventCountry "USA"]
[SourceTitle "CB17_2024"]
[SourceDate "2024.04.24"]
[SourceVersion "1"]
[SourceVersionDate "2024.04.24"]
[SourceQuality "1"]

1. e4 c5 2. Nf3 d6 3. c3 g6 4. d4 cxd4 5. cxd4 Bg7 6. h3 Nf6 7. Nc3 0-0 8. Be2 a6 9. 0-0 b5 10. e5 Ne8 11. a4 b4 12. Nd5 a5 13. Bg5 Ra7 14. Bb5 Be6 15. Nf4 Nc7 16. Rc1 h6 17. Bh4 Bf5 18. exd6 Qxd6 19. Bg3 Nxb5 20. axb5 Qd8 21. Re1 Rd7 22. d5 e6 23. Ne5 Rd6 24. Nc4 Rd7 25. d6 Rb7 26. Qa4 Nd7 27. Qxa5 Qxa5 28. Nxa5 Rxb5 29. Nc4 g5 30. Nh5 Bh8 31. Bh2 Bg6 32. Ng3 Rd5 33. Ne4 Rd8 34. f3 Nf6 35. Bg3 Nxe4 36. fxe4 Bd4+ 37. Bf2 Bxf2+ 38. Kxf2 Rd4 39. e5 Bd3 40. Na5 Bb5 41. Nb7 Rb8 42. Nc5 Rd2+ 43. Kg3 Bc6 44. Rg1 Rd8 45. Rce1 Rxb2 46. Rc1 Rd2 47. h4 Kg7 48. hxg5 hxg5 49. Kg4 Rh8 50. Kxg5 Rd4 51. g4 Bf3 52. Rcf1 Be2 53. Rf2 Bd3 54. Rg3 Bb1 55. Rgf3 Rd1 56. Rxf7+ Kg8 57. Rf8+ Kg7 58. R2f7# 1-0

[Event "Titled Tuesday intern op 02nd Apr Late"]
[Site "Chess.com INT"]
[Date "2024.04.02"]
[Round "4"]
[White "Freile Martin, Javier"]
[Black "Kubicka, Anna"]
[Result "0-1"]
[WhiteElo "2329"]
[BlackElo "2292"]
[PlyCount "44"]
[EventDate "2024.04.02"]
[EventType "swiss (blitz)"]
[EventRounds "11"]
[EventCountry "USA"]
[SourceTitle "CB15_2024"]
[SourceDate "2024.04.10"]
[SourceVersion "1"]
[SourceVersionDate "2024.04.10"]
[SourceQuality "1"]

1. c4 g6 2. d4 Bg7 3. e4 c5 4. d5 e6 5. Nc3 exd5 6. exd5 d6 7. Nf3 Nf6 8. h3 0-0 9. Bd3 Re8+ 10. Be3 Bh6 11. 0-0 Bxe3 12. fxe3 Qe7 13. e4 a6 14. Qd2 Nbd7 15. Rae1 Nh5 16. e5 Nxe5 17. Nxe5 dxe5 18. Ne4 Bf5 19. d6 Qe6 20. Rxf5 gxf5 21. Ng5 Qxd6 22. g4 Nf4 0-1

[Event "Titled Tuesday intern op 02nd Apr Early"]
[Site "Chess.com INT"]
[Date "2024.04.02"]
[Round "7"]
[White "Kubicka, Anna"]
[Black "Bauer, Sebastian"]
[Result "1-0"]
[WhiteElo "2292"]
[BlackElo "2320"]
[PlyCount "65"]
[EventDate "2024.04.02"]
[EventType "swiss (blitz)"]
[EventRounds "11"]
[EventCountry "USA"]
[SourceTitle "CB15_2024"]
[SourceDate "2024.04.10"]
[SourceVersion "1"]
[SourceVersionDate "2024.04.10"]
[SourceQuality "1"]

1. e4 e5 2. Nf3 Nc6 3. Bb5 a6 4. Bxc6 dxc6 5. 0-0 Qf6 6. h3 Bc5 7. d4 exd4 8. Nbd2 Ne7 9. Nb3 Bb6 10. Nbxd4 h6 11. Be3 0-0 12. Qd3 Ng6 13. c4 Rd8 14. e5 Nxe5 15. Nxe5 Qxe5 16. Nxc6 Rxd3 17. Nxe5 Rd8 18. c5 Ba5 19. Nc4 b6 20. cxb6 cxb6 21. Bxb6 Bxb6 22. Nxb6 Rb8 23. Nxc8 Rdxc8 24. b3 Rc2 25. Rfc1 Rbc8 26. Rxc2 Rxc2 27. a3 Rb2 28. b4 Kf8 29. Re1 f5 30. Re3 Kf7 31. g3 g5 32. Kg2 Kf6 33. Rc3 1-0

[Event "Titled Tuesday intern op 02nd Apr Early"]
[Site "Chess.com INT"]
[Date "2024.04.02"]
[Round "6"]
[White "Kubicka, Anna"]
[Black "Bellahcene, Bilel"]
[Result "0-1"]
[WhiteElo "2292"]
[BlackElo "2519"]
[PlyCount "58"]
[EventDate "2024.04.02"]
[EventType "swiss (blitz)"]
[EventRounds "11"]
[EventCountry "USA"]
[SourceTitle "CB15_2024"]
[SourceDate "2024.04.10"]
[SourceVersion "1"]
[SourceVersionDate "2024.04.10"]
[SourceQuality "1"]

1. e4 c5 2. Ne2 Nc6 3. g3 d5 4. Bg2 e6 5. exd5 exd5 6. d4 Nf6 7. 0-0 Be7 8. dxc5 Bxc5 9. Nd2 0-0 10. Nb3 Bb6 11. Ned4 h6 12. h3 Re8 13. c3 Ne4 14. Bf4 Qf6 15. Nxc6 bxc6 16. Nd4 Ba6 17. Re1 Nxf2 18. Kxf2 g5 19. Qf3 gxf4 20. Qxf4 Qxf4+ 21. gxf4 Bd3 22. Re3 Rxe3 23. Kxe3 Bg6 24. Re1 c5 25. Nb3 d4+ 26. Kd2 Rd8 27. cxd4 c4 28. Nc1 Ba5+ 29. Ke2 Re8+ 0-1

[Event "Titled Tuesday intern op 02nd Apr Late"]
[Site "Chess.com INT"]
[Date "2024.04.02"]
[Round "1"]
[White "Kubicka, Anna"]
[Black "Drygalov, Andrey"]
[Result "0-1"]
[WhiteElo "2292"]
[BlackElo "2455"]
[PlyCount "76"]
[EventDate "2024.04.02"]
[EventType "swiss (blitz)"]
[EventRounds "11"]
[EventCountry "USA"]
[SourceTitle "CB15_2024"]
[SourceDate "2024.04.10"]
[SourceVersion "1"]
[SourceVersionDate "2024.04.10"]
[SourceQuality "1"]

1. e4 c5 2. Ne2 Nf6 3. Nbc3 d6 4. g3 e5 5. Bg2 Be7 6. 0-0 0-0 7. d3 Nc6 8. f4 Rb8 9. a4 a6 10. Nd5 Be6 11. Nec3 Nd4 12. a5 Nxd5 13. Nxd5 Bxd5 14. exd5 exf4 15. Bxf4 Bg5 16. c3 Nf5 17. Qg4 Bxf4 18. Qxf5 Be5 19. Qg4 g6 20. h4 h5 21. Qf3 b6 22. axb6 Rxb6 23. Rf2 Qb8 24. Kh2 Rxb2 25. Rxb2 Qxb2 26. Rxa6 Qxc3 27. Ra7 Qd4 28. Qe4 Qf2 29. Qf3 Qd4 30. Qe4 Rb8 31. Qxd4 Bxd4 32. Be4 Rb2+ 33. Kh3 Re2 34. Rd7 Be5 35. Rd8+ Kg7 36. Rd7 Re3 37. Kh2 Rxg3 38. Kh1 Rg4 0-1

[Event "Swiss Queens Wed #9"]
[Site "FIDE Online Arena INT"]
[Date "2024.03.27"]
[Round "10"]
[White "Cori Tello, Deysi Estella"]
[Black "Kubicka, Anna"]
[Result "0-1"]
[WhiteElo "2389"]
[BlackElo "2278"]
[PlyCount "98"]
[EventDate "2024.03.27"]
[EventType "swiss (blitz)"]
[EventRounds "11"]
[EventCountry "NET"]
[SourceTitle "CB14_2024"]
[SourceDate "2024.04.01"]
[SourceVersion "1"]
[SourceVersionDate "2024.04.01"]
[SourceQuality "1"]

1. Nf3 Nf6 2. g3 c5 3. Bg2 Nc6 4. 0-0 e5 5. c3 d5 6. d3 Be7 7. Bg5 0-0 8. Nbd2 h6 9. Bxf6 Bxf6 10. e4 Be6 11. Re1 d4 12. a4 dxc3 13. bxc3 Qxd3 14. Qc1 Qd7 15. Nf1 Na5 16. Rd1 Qc6 17. Qb2 Rad8 18. Re1 a6 19. Reb1 Nb3 20. Ra3 c4 21. Ne3 b5 22. axb5 axb5 23. Re1 Qc5 24. Nc2 Rd7 25. Nb4 Rfd8 26. Qe2 Bg4 27. Nd5 Qxa3 28. h3 Be6 29. Nxf6+ gxf6 30. Qe3 Qf8 31. Kh2 Rd1 32. Re2 R8d3 33. Qb6 Rxc3 34. Nh4 Nc1 35. Rb2 Rb3 36. Rc2 Nd3 37. Nf5 Bxf5 38. exf5 Rb2 39. Rxb2 Nxb2 40. Qxb5 Rd2 41. Qb6 Nd1 42. Qxf6 Qg7 43. Qe7 Nxf2 44. f6 Qf8 45. Qxe5 Qd6 46. Qe8+ Qf8 47. Qe3 Rd3 48. Qxf2 Qd6 49. Be4 Rd2 0-1

[Event "Swiss Queens Wed #9"]
[Site "FIDE Online Arena INT"]
[Date "2024.03.27"]
[Round "11"]
[White "Kubicka, Anna"]
[Black "Injac, Teodora"]
[Result "0-1"]
[WhiteElo "2278"]
[BlackElo "2434"]
[PlyCount "52"]
[EventDate "2024.03.27"]
[EventType "swiss (blitz)"]
[EventRounds "11"]
[EventCountry "NET"]
[SourceTitle "CB14_2024"]
[SourceDate "2024.04.01"]
[SourceVersion "1"]
[SourceVersionDate "2024.04.01"]
[SourceQuality "1"]

1. e4 e5 2. Nf3 Nc6 3. Bc4 Bc5 4. d3 Nf6 5. a4 a6 6. 0-0 h6 7. Nc3 d6 8. Nd5 0-0 9. Be3 Be6 10. Bxc5 dxc5 11. Nxf6+ Qxf6 12. Bxe6 Qxe6 13. Qe2 a5 14. Qe3 b6 15. Nd2 Nd4 16. c3 Nc2 17. Qg3 Nxa1 18. Rxa1 Rad8 19. Nc4 Rfe8 20. Re1 Kh7 21. Re3 Qxc4 22. f4 exf4 23. Qxf4 Rxd3 24. Rxd3 Qxd3 25. Qxf7 Qxe4 26. h3 Re6 0-1

[Event "Swiss Queens Wed #9"]
[Site "FIDE Online Arena INT"]
[Date "2024.03.27"]
[Round "2"]
[White "Kubicka, Anna"]
[Black "Vantika, Agrawal"]
[Result "0-1"]
[WhiteElo "2278"]
[BlackElo "2398"]
[PlyCount "90"]
[EventDate "2024.03.27"]
[EventType "swiss (blitz)"]
[EventRounds "11"]
[EventCountry "NET"]
[SourceTitle "CB14_2024"]
[SourceDate "2024.04.01"]
[SourceVersion "1"]
[SourceVersionDate "2024.04.01"]
[SourceQuality "1"]

1. e4 c5 2. Ne2 Nc6 3. g3 g6 4. Bg2 Bg7 5. 0-0 e5 6. Nec3 Nge7 7. Nd5 d6 8. Nbc3 0-0 9. d3 Nxd5 10. Nxd5 Be6 11. Be3 f5 12. exf5 gxf5 13. f4 Qd7 14. c3 Rae8 15. Qd2 Kh8 16. Rae1 Qf7 17. c4 Nd4 18. Bxd4 cxd4 19. b4 b5 20. a4 bxc4 21. dxc4 e4 22. Qa2 d3 23. Kh1 Rc8 24. g4 Bxd5 25. cxd5 Rc2 26. Qb3 Qg6 27. Rg1 Bd4 28. gxf5 Qh6 29. Rxe4 Bxg1 30. Kxg1 Rc1+ 31. Kf2 Qh4+ 32. Ke3 Qe1+ 33. Kd4 Qf2+ 34. Kxd3 Qxg2 35. Re2 Qf3+ 36. Re3 Qd1+ 37. Qxd1 Rxd1+ 38. Kc4 Rc8+ 39. Kb5 Rxd5+ 40. Ka6 Rd4 41. b5 Rxa4+ 42. Kb7 Rf8 43. Re6 Rxf5 44. Rxd6 Rxb5+ 45. Kc6 Rf5 0-1

[Event "Swiss Queens Wed #9"]
[Site "FIDE Online Arena INT"]
[Date "2024.03.27"]
[Round "8"]
[White "Pham, Le Thao Nguyen"]
[Black "Kubicka, Anna"]
[Result "1-0"]
[WhiteElo "2395"]
[BlackElo "2278"]
[PlyCount "67"]
[EventDate "2024.03.27"]
[EventType "swiss (blitz)"]
[EventRounds "11"]
[EventCountry "NET"]
[SourceTitle "CB14_2024"]
[SourceDate "2024.04.01"]
[SourceVersion "1"]
[SourceVersionDate "2024.04.01"]
[SourceQuality "1"]

1. d4 Nf6 2. Nf3 c5 3. c3 g6 4. Bf4 Bg7 5. e3 0-0 6. Nbd2 d6 7. h3 Nc6 8. dxc5 dxc5 9. Qc2 e5 10. Bh2 Re8 11. e4 Nh5 12. Bc4 Be6 13. 0-0 Qe7 14. Rfd1 Rad8 15. a4 a6 16. Bxe6 Qxe6 17. Qb3 Na5 18. Qxe6 Rxe6 19. Nf1 Ree8 20. Ne3 Nf4 21. Bxf4 exf4 22. Nd5 Nc4 23. Rab1 Kf8 24. Re1 Nd6 25. Ng5 h6 26. Nh7+ Kg8 27. Nhf6+ Kf8 28. Nxe8 Rxe8 29. f3 g5 30. Rbd1 Nc4 31. b3 Na5 32. Rb1 Nc6 33. Red1 Ne5 34. Nb6 1-0

[Event "Swiss Queens Wed #8"]
[Site "FIDE Online Arena INT"]
[Date "2024.03.20"]
[Round "9"]
[White "Kubicka, Anna"]
[Black "Mira, Helene"]
[Result "0-1"]
[WhiteElo "2278"]
[BlackElo "2021"]
[PlyCount "146"]
[EventDate "2024.03.20"]
[EventType "swiss (blitz)"]
[EventRounds "11"]
[EventCountry "NET"]
[SourceTitle "CB13_2024"]
[SourceDate "2024.03.27"]
[SourceVersion "1"]
[SourceVersionDate "2024.03.27"]
[SourceQuality "1"]

1. e4 e5 2. Nf3 Nc6 3. Bc4 Nf6 4. 0-0 Be7 5. Re1 0-0 6. c3 d6 7. h3 Kh8 8. d4 Ng8 9. dxe5 dxe5 10. Qxd8 Bxd8 11. Ng5 Bxg5 12. Bxg5 f6 13. Be3 Nd8 14. Nd2 Be6 15. Rad1 Bxc4 16. Nxc4 Ne6 17. Na5 Rfb8 18. Rd7 a6 19. Red1 h5 20. g4 hxg4 21. hxg4 Kh7 22. Kg2 Kg6 23. Kg3 b6 24. Nc6 Re8 25. f3 a5 26. a4 Rac8 27. b4 axb4 28. cxb4 Ra8 29. a5 bxa5 30. bxa5 Ra6 31. Rc1 Rc8 32. Ne7+ Nxe7 33. Rxe7 c5 34. Rb1 Nd4 35. Rbb7 Rg8 36. Ra7 Rxa7 37. Rxa7 Rc8 38. a6 c4 39. Rb7 c3 40. a7 Nc6 41. Rb3 c2 42. Rc3 Nxa7 43. Ra3 Nb5 44. Ra1 Nd4 45. Re1 Rc3 46. Kf2 Nb3 47. Bc1 Nxc1 48. Rxc1 Kg5 49. Kg3 g6 50. Kf2 Kf4 51. Kg2 g5 52. Kf2 Rxf3+ 53. Ke2 Rg3 54. Kf2 Rc3 55. Ke2 Kxe4 56. Kd2 Rg3 57. Re1+ Kf4 58. Kxc2 Rf3 59. Rg1 e4 60. Kd2 e3+ 61. Kd3 Rf2 62. Rc1 Rd2+ 63. Kc3 Rg2 64. Rf1+ Kxg4 65. Rxf6 e2 66. Re6 Rg3+ 67. Kd2 Rg2 68. Ke1 Kg3 69. Re3+ Kf4 70. Rxe2 Rxe2+ 71. Kxe2 Kg3 72. Kf1 Kh2 73. Kf2 g4 0-1

[Event "Swiss Queens Wed #8"]
[Site "FIDE Online Arena INT"]
[Date "2024.03.20"]
[Round "2"]
[White "Kubicka, Anna"]
[Black "Savitha Shri, B."]
[Result "0-1"]
[WhiteElo "2278"]
[BlackElo "2363"]
[PlyCount "82"]
[EventDate "2024.03.20"]
[EventType "swiss (blitz)"]
[EventRounds "11"]
[EventCountry "NET"]
[SourceTitle "CB13_2024"]
[SourceDate "2024.03.27"]
[SourceVersion "1"]
[SourceVersionDate "2024.03.27"]
[SourceQuality "1"]

1. e4 c5 2. Ne2 e6 3. g3 Nc6 4. Bg2 Nf6 5. 0-0 Qc7 6. c3 c4 7. b3 Ne5 8. bxc4 Qxc4 9. Na3 Qa6 10. Nc2 Nd3 11. a4 Bc5 12. Nf4 Nxf4 13. gxf4 d5 14. d4 Be7 15. e5 Ne4 16. Nb4 Qc4 17. Na2 Nxc3 18. Nxc3 Qxc3 19. Ra3 Bxa3 20. Bxa3 Qxa3 21. f5 Bd7 22. f6 gxf6 23. exf6 Rg8 24. Kh1 0-0-0 25. Qb1 Rxg2 26. Rc1+ Bc6 27. Kxg2 Rg8+ 28. Kf1 Qh3+ 29. Ke2 Qh5+ 30. Kd2 Qg5+ 31. Kc3 Qxf6 32. Qxh7 Qf3+ 33. Kb2 Qxf2+ 34. Rc2 Qxd4+ 35. Ka2 Qxa4+ 36. Kb2 Qb4+ 37. Ka2 Rd8 38. Qxf7 Qd6 39. h4 d4 40. h5 d3 41. Rc3 d2 0-1

[Event "Belgrade (Women) 55th"]
[Site "Belgrade"]
[Date "2024.03.10"]
[Round "9"]
[White "Kubicka, Anna"]
[Black "Vujovic, Vera"]
[Result "1/2-1/2"]
[WhiteElo "2278"]
[BlackElo "2175"]
[PlyCount "106"]
[EventDate "2024.03.02"]
[EventType "tourn"]
[EventRounds "9"]
[EventCountry "SRB"]
[EventCategory "1"]
[SourceTitle "CB11_2024"]
[SourceDate "2024.03.13"]
[SourceVersion "1"]
[SourceVersionDate "2024.03.13"]
[SourceQuality "1"]

1. e4 e5 2. Nf3 Nc6 3. Nc3 Nf6 4. Bb5 Nd4 5. 0-0 Nxf3+ 6. Qxf3 c6 7. Bc4 Bc5 8. Qg3 Qe7 9. d3 d6 10. Bb3 Be6 11. Na4 Bb4 12. a3 Ba5 13. Bxe6 fxe6 14. f4 exf4 15. Bxf4 e5 16. Bg5 0-0 17. Rf5 Rf7 18. Raf1 Raf8 19. b4 Bd8 20. Qh3 b5 21. Nc3 Qe6 22. Kh1 Be7 23. Bxf6 Rxf6 24. Rxf6 Rxf6 25. Qxe6+ Rxe6 26. g3 Rf6 27. Kg2 Rxf1 28. Kxf1 Bg5 29. Ke2 Bc1 30. Nb1 Kf7 31. Kd1 Bg5 32. c4 a6 33. cxb5 axb5 34. Nc3 Be3 35. Kc2 h5 36. h3 Bf2 37. Ne2 Kf6 38. Kb3 Be3 39. a4 bxa4+ 40. Kxa4 Bf2 41. b5 cxb5+ 42. Kxb5 g6 43. Kc6 Ke6 44. g4 hxg4 45. hxg4 Bc5 46. Nc3 Kf6 47. Nb5 Kg5 48. Nxd6 Bd4 49. Nb5 Bb2 50. Kd5 Kxg4 51. d4 Kf4 52. dxe5 Bxe5 53. Nd4 Bxd4 1/2-1/2

[Event "Belgrade (Women) 55th"]
[Site "Belgrade"]
[Date "2024.03.06"]
[Round "5"]
[White "Kubicka, Anna"]
[Black "Djukic, Sandra"]
[Result "1/2-1/2"]
[WhiteElo "2278"]
[BlackElo "2127"]
[PlyCount "106"]
[EventDate "2024.03.02"]
[EventType "tourn"]
[EventRounds "9"]
[EventCountry "SRB"]
[EventCategory "1"]
[SourceTitle "CB11_2024"]
[SourceDate "2024.03.13"]
[SourceVersion "1"]
[SourceVersionDate "2024.03.13"]
[SourceQuality "1"]

1. e4 c5 2. Nf3 g6 3. c3 d5 4. e5 a6 5. d4 Nc6 6. h3 Bg7 7. Bd3 f6 8. 0-0 fxe5 9. dxe5 Nxe5 10. Nxe5 Bxe5 11. f4 Bg7 12. f5 Nf6 13. fxg6 c4 14. Bc2 Qb6+ 15. Qd4 Qxd4+ 16. cxd4 Ne4 17. Be3 Ng3 18. Rf2 Be6 19. gxh7 Kd7 20. Nc3 b5 21. Ne2 Ne4 22. Bxe4 dxe4 23. Nc3 Rxh7 24. Nxe4 Kc6 25. Rd1 Bd5 26. Nc3 Bf6 27. Rf5 Rd8 28. Bg5 b4 29. Ne2 Rh5 30. h4 Bxg5 31. hxg5 e6 32. Nf4 exf5 33. Nxh5 Rg8 34. Nf4 Rxg5 35. Kf2 Rg4 36. g3 Rg8 37. Re1 Be4 38. Rc1 Kb5 39. Ne6 Rh8 40. Nc7+ Kb6 41. Rxc4 Rh2+ 42. Ke3 Rxb2 43. d5 Rxa2 44. d6 Ra3+ 45. Kf4 a5 46. Ne6 Bc6 47. Nd4 Rc3 48. Rxc3 bxc3 49. Ke3 Bd7 50. Kd3 Kc5 51. Kxc3 Kxd6 52. Nxf5+ Bxf5 53. g4 Bxg4 1/2-1/2

[Event "Belgrade (Women) 55th"]
[Site "Belgrade"]
[Date "2024.03.04"]
[Round "3"]
[White "Xu, Yuanyuan"]
[Black "Kubicka, Anna"]
[Result "1-0"]
[WhiteElo "2288"]
[BlackElo "2278"]
[PlyCount "93"]
[EventDate "2024.03.02"]
[EventType "tourn"]
[EventRounds "9"]
[EventCountry "SRB"]
[EventCategory "1"]
[SourceTitle "CB11_2024"]
[SourceDate "2024.03.13"]
[SourceVersion "1"]
[SourceVersionDate "2024.03.13"]
[SourceQuality "1"]

1. d4 Nf6 2. Nf3 g6 3. c4 Bg7 4. Nc3 0-0 5. e4 d6 6. Be3 Nbd7 7. h3 e5 8. dxe5 dxe5 9. Qd2 Qe7 10. Nd5 Nxd5 11. cxd5 f5 12. Bc4 Qd6 13. Bh6 fxe4 14. Bxg7 Kxg7 15. Nh2 Nb6 16. Bb3 a5 17. a3 c6 18. Rd1 cxd5 19. Bxd5 e3 20. fxe3 e4 21. Qd4+ Rf6 22. Bxe4 Qg3+ 23. Kd2 Be6 24. Rdf1 Nc4+ 25. Ke2 Raf8 26. Rxf6 Rxf6 27. Rf1 Qe5 28. Qxe5 Nxe5 29. Rxf6 Kxf6 30. Bxb7 Nc4 31. b4 a4 32. Bc6 Nb6 33. Nf3 Bb3 34. Nd2 Ke5 35. Kd3 Be6 36. Bb5 Bf5+ 37. e4 Be6 38. Nc4+ Bxc4+ 39. Bxc4 Nc8 40. Bb5 Nd6 41. Bc6 g5 42. b5 Nc8 43. Kc4 Kd6 44. Kd4 Ne7 45. e5+ Ke6 46. Kc5 Kxe5 47. b6 1-0